U istokov "čistoj ekonomičeskoj teorii": L. Val'ras.
Predmet skúmania čistej ekonomickej teórie: národné bohatstvo z hľadiska menovej hodnoty. Walrasovo členenie systému ekonomických vied na čistú, aplikovanú a sociálnu teóriu. Modely rovnováhy trhu.
Salvato in:
| Autore principale: | |
|---|---|
| Natura: | Capitolo di libro |
| Lingua: | russo |
| Soggetti: | |
| Tags: |
Nessun Tag, puoi essere il primo ad aggiungerne!!
|
MARC
| LEADER | 00000naa a2200000 4500 | ||
|---|---|---|---|
| 001 | r002758 | ||
| 005 | 20220819194812.7 | ||
| 041 | 0 | |a rus | |
| 044 | |a [SU] | ||
| 245 | 1 | 0 | |a U istokov "čistoj ekonomičeskoj teorii": L. Val'ras. |c R. Entov |
| 520 | |a Predmet skúmania čistej ekonomickej teórie: národné bohatstvo z hľadiska menovej hodnoty. Walrasovo členenie systému ekonomických vied na čistú, aplikovanú a sociálnu teóriu. Modely rovnováhy trhu. | ||
| 610 | 2 | 0 | |a teórie ekonomické |
| 610 | 2 | 0 | |a Walras, L. |
| 610 | 2 | 0 | |a veda ekonomická |
| 610 | 2 | 0 | |a bohatstvo národné |
| 610 | 2 | 0 | |a modely rovnováhy |
| 610 | 2 | 0 | |a modely trhu |
| 100 | 1 | |a Entov, R. | |